[Event "Hastings 00 75th"]
[Site "Hastings"]
[Date "2000.01.12"]
[Round "9"]
[White "Sutovsky, Emil"]
[Black "Chandler, Murray G"]
[Result "1-0"]
[WhiteElo "2597"]
[BlackElo "2527"]
[Annotator "Oratovsky,M"]
[PlyCount "83"]
[EventDate "2000.01.04"]
[EventType "tourn"]
[EventRounds "9"]
[EventCountry "ENG"]
[EventCategory "13"]
[SourceTitle "CBM 075"]
[Source "ChessBase"]
[SourceDate "2000.04.05"]
[SourceVersion "1"]
[SourceVersionDate "2000.04.05"]
[SourceQuality "1"]

{[%mdl 4134]} 1. e4 c5 2. Nf3 Nc6 3. Bb5 g6 4. Bxc6 dxc6 5. d3 {It is more
accurate than 5 h3?! which allows black to play 5...e5 immediately, before
having to develope his king's bishop. In any case white has nothing to fear
from Bg4 so long as he can answer with Nbd2, preparing capture on f3 with the
knight or after Nc3 to capture on f3 with the queen,preparing g4,Qg2(g3) and
f4, taking space advantage on the kingside.} Bg7 6. h3 e5 7. Be3 Qe7 8. Nbd2 {
Deserved seriouse attention} (8. Qd2 $5 {[%cal Gd2c3]} Nf6 (8... f5 $6 9. Qc3
$1 b6 10. b4 $16) (8... Bd7 $6 9. Qc3 b6 10. a3 a5 $6 11. b4 $1 f5 (11... axb4
12. axb4 Rxa1 13. Qxa1 cxb4 14. Qa8+ Qd8 15. Qxd8+ Kxd8 16. Bxb6+ Ke8 17. Bc5
$18 {[%csl Rb4]}) 12. bxc5 $16 {Oratovsky,M-Golod,V Haifa (open) 2000 1-0 (43)}
) 9. Bh6 (9. Nc3 Nd7 10. Bh6 f6 11. Bxg7 Qxg7 12. Qe3 Qe7 13. Nd2 $14 {[%cal
Gf2f4] Psakhis,L-Roeder,M/Vienna/1991/ (13)}) 9... O-O 10. Nc3 Nh5 11. Ne2 Bxh6
12. Qxh6 c4 $1 {[%cal Ge7b4]} 13. O-O cxd3 14. cxd3 f6 $11 {1/2-1/2 Svidler,
P-Sutovskij,E/Tilburg Fontys 1996 (30)}) 8... Nf6 ({to passive is} 8... f6 9.
Nc4 Be6 10. Qd2 {[%cal Gd2a5]} Bxc4 11. dxc4 b6 12. O-O-O Rd8 13. Qc3 Nh6 14.
Rxd8+ Qxd8 15. h4 $1 $14 {[%cal Gh4h5] Sutovskij,E-Daels,M/Portoroz op 1997
1-0 (33)}) 9. Nc4 Nd7 10. O-O (10. Qd2 Nb6 $6 11. Na5 O-O 12. O-O Re8 13. a3 f6
14. b4 cxb4 15. axb4 Be6 16. Rfb1 $14 {1-0 Mainka,R-Brenke,A/Lippstadt 1993 
(26)}) 10... O-O 11. Qd2 Rd8 12. a3 b6 13. b4 Ba6 14. Qc3 f6 15. Rfe1 Bf8 16.
Nfd2 {[%cal Gd2b3] The main strategical idea in this position is to provoke
exchange on b4,getting open "a"file for white major pieses} Kh8 {[%cal Gc5b4]}
17. Rab1 Qe6 18. Nb3 cxb4 19. axb4 c5 $5 20. bxc5 ({nothing special promises
to white} 20. b5 Bxb5 21. Nxc5 Bxc5 22. Rxb5 Rac8 23. Bxc5 Nxc5 $11) 20... Rdc8
(20... Bxc4 21. dxc4 (21. Qxc4 $6 Qxc4 22. dxc4 Nxc5 23. Nxc5 Bxc5 24. Bxc5
bxc5 25. Rb7 a5 $11 {[%cal Gd8d4,Gd8d2,Ya5a1]}) 21... Nxc5 22. Nxc5 Bxc5 23.
Bxc5 bxc5 24. Rb7 $14 {[%csl Rh8] and white major pieses are more active}) 21.
Ncd2 (21. cxb6 $143 Nxb6 22. Bxb6 axb6 {[%cal Gb6b5]} 23. Qd2 Bxc4 24. dxc4
Rxc4 $15 {[%csl Rb3,Gb6][%cal Gb6a5,Gb6c5]}) 21... Nxc5 22. Bxc5 Bxc5 23. Qa1
$1 Bb7 24. Nxc5 Rxc5 25. Nc4 $14 {better piese combination: Queen+Knight
against Queen+Bishop and very simple play on open "a" and "b" files against
black pawns makes white chanses slightly better} Rc7 26. Rb2 {[%csl Ra7,Rb6]
[%cal Ge1b1,Gb2a2]} Kg7 27. Ra2 b5 28. Na5 Bc8 29. Nb3 Qb6 30. d4 $1 {[%cal
Ga1g7] Time to attack the king!} exd4 31. Nxd4 {[%cal Ge4e5]} Re7 32. Ra5 a6 $8
(32... Bd7 $2 33. Ra6 Qb7 34. Nf5+ gxf5 35. Qxf6+ Kg8 36. Qxe7 Qxa6 37. Qxd7
$18) 33. Rxb5 ({to dangerouse for white was} 33. Nxb5 Re5 34. Rb1 Rb8 35. Na3
Qxa5 36. Rxb8 Rxe4 37. Rb1 Re2 $15) 33... axb5 34. Qxa8 Bxh3 ({after} 34...
Qxd4 35. Qxc8 b4 36. Qc6 {white has a pawn up in arising endgame}) 35. c3 $1 {
[%csl Ga8,Gd4]} Bd7 36. Ra1 $36 {[%cal Ga1a7]} Qc5 (36... b4 $142 37. Rb1 Qc5
38. Qd8 bxc3 39. Qxd7 (39. Rb8 Be8 40. Rb7 Kf7 $15) 39... c2 40. Rf1 c1=Q 41.
Ne6+ Kf7 42. Nxc5 Qxc5 $11) 37. Qd8 Rf7 $4 $138 (37... Be8 38. Ra6 Qe5 $14) 38.
Qxd7 $18 {[%cal Gd4e6]} Qxc3 39. Ne6+ Kh6 40. Qxf7 Qxa1+ 41. Kh2 Qe5+ 42. f4
1-0

[Event "Decameron"]
[Site "Decameron"]
[Date "2003.12.09"]
[Round "7"]
[White "De la Paz Perdomo, Frank"]
[Black "Alvarado Sepulveda, Nelson D"]
[Result "1-0"]
[WhiteElo "2427"]
[BlackElo "2318"]
[Annotator "Oratovsky,M"]
[PlyCount "111"]
[EventDate "2003.12.06"]
[EventType "tourn"]
[EventRounds "9"]
[EventCountry "DOM"]
[EventCategory "9"]
[SourceTitle "CBM 099"]
[Source "ChessBase"]
[SourceDate "2004.03.30"]
[SourceVersion "1"]
[SourceVersionDate "2004.03.30"]
[SourceQuality "1"]

1. e4 {[%mdl 48]} c5 2. Nf3 Nc6 3. Bb5 g6 4. O-O Bg7 5. Re1 e5 {Probably the
best reaction on 5.Re1} 6. c3 ({In the spirit of the old masters was} 6. b4 $5
cxb4 7. a3 $44) (6. Bxc6 dxc6 7. d3 {[%cal Ga2a3,Gb2b4] is another solid plan
in this position}) 6... Nge7 7. d4 cxd4 8. cxd4 exd4 9. Bg5 $6 {A strange move.
I don't get the idea to provoke h6. Anyway this move looks usefull for black.}
({Interesting complications arises after the more common} 9. Bf4 O-O (9... a6
10. Ba4 (10. Bc4 {this move is not dangerous for black} d6 (10... b5 11. Bd5
Bb7 12. Bd6 O-O 13. Nbd2 h6 14. Nb3 Re8 15. Nc5 Ra7 16. Bxf7+ $1 Kxf7 17. Qb3+
Kf8 18. Nh4 Bf6 19. Nxg6+ Kg7 20. Nf4 {[%cal Gf4e6]} Nc8 21. Qg3+ Kh8 (21...
Bg5 22. Bc7 Qe7 23. Nxb7 Rxb7 24. Nd5 $16 {[%cal Gh2h4]}) 22. Bc7 $18 {[%csl
Rd8][%cal Gf4g6] 1-0 Manor,I-Zilberman,Y/Netanya 1993/EXT 98 (51). (50)}) 11.
Ng5 O-O 12. Qb3 d5 $1 {[%cal Gc6a5]} (12... Qe8 $143 13. Bxd6 Na5 14. Qd3 b5
15. Bb3 Nxb3 16. Qxb3 Qd7 17. e5 $14) 13. Bxd5 Nxd5 14. exd5 Na5 15. Qf3 Nc4
16. Nd2 Nxd2 17. Bxd2 Bf5 $13 {only black now has chances for the initiative})
10... d6 (10... b5 $142 11. Bb3 d6 $13) 11. Nxd4 b5 12. Nxc6 Nxc6 13. Bb3 {
[%cal Gb1c3]} Bxb2 14. Bxf7+ Kxf7 15. Qb3+ Be6 16. Qxb2 $16 {1-0 Wells,P-Neihs,
H/Graz 1995/EXT 98 (27). (26)}) 10. Bd6 b6 11. Nbd2 (11. e5 $5 {[%cal Gf3d4]})
11... Bb7 12. Nb3 Re8 13. Bc4 (13. Nbxd4 $2 Nxd4 14. Nxd4 Nc8 $17 {[%csl Re4]})
13... Nc8 14. Bf4 d6 15. Ng5 (15. Qd2 $5 {[%cal Gc4d5]}) 15... Rf8 $13 {
[%cal Gc6e5,Gh7h6] 1-0 Novikov,M-Vasiliev,V/Tula 2001/CBM 80 ext (34). (33)}) (
9. Na3 $6 {another dubious idea} O-O 10. Bg5 Qb6 11. Qd2 d6 12. Qf4 Be6 (12...
f6 13. Bc4+ Kh8 14. Bh6 Bxh6 15. Qxh6 Bg4 $15 {[%csl Rb2]}) 13. Bf6 h6 14. h4
Rac8 $15 {1-0 Golubovic,B-Afek,Y/Cannes 1996/EXT 98 (26). (25)}) 9... h6 10.
Bf4 $146 d6 $6 {Now white wins the pawn back and gets a better position.
Better was} (10... a6 11. Ba4 b5 12. Bb3 d6 $13) 11. Nxd4 $14 O-O 12. Bxc6 $1
bxc6 13. Nc3 {[%csl Rc6,Rd6][%cal Gd1d2,Ga1d1,Gd4b3]} d5 14. exd5 cxd5 15. Qd2
Kh7 16. Be5 $16 {Changing the most active black piece. White has an obvious
advantage.} Bb7 (16... f6 17. Bg3 $16 {[%csl Re6,Rg7]}) 17. Rad1 Ng8 {[%cal
Gg8f6]} 18. Bxg7 Kxg7 19. Na4 Qd6 20. b4 {Now white has a strategically
winning position because of the weak isolated pawn d5 and the bad Bb7} Rae8 21.
Nc5 Bc8 ({Black's last try was to enter Bb7 in the game by} 21... Ba6 {[%cal
Ga6c4]} 22. Qc3 Nf6 23. b5 Rxe1+ 24. Rxe1 Rc8 25. Rc1 Bb7 26. Ndb3 $16 {
[%cal Gc5b7]}) 22. Nb5 Qb8 23. Qd4+ Kh7 24. Rxe8 Rxe8 25. Nc3 $18 {[%csl Rd5]}
Be6 26. Nxd5 Bxd5 27. Qxd5 Re7 28. Qd4 Qe8 29. h3 Re2 30. a4 Ra2 31. a5 Qe2 32.
Nd7 {[%cal Gd7f8]} h5 33. h4 Qe7 34. Ne5 (34. Qxa7 Qxb4 35. Nf6+ $1 Kg7 36.
Ne8+ Kf8 37. Nd6 Ne7 38. Qa8+ Kg7 39. Qf3 $18) 34... Re2 35. Nd7 a6 36. g3 Re6
37. Nc5 Re2 38. Qd6 Re1+ 39. Kg2 Rxd1 40. Qxd1 Nf6 41. Qf3 Ng4 42. Nxa6 {
The rest of the game is matter of technique.} Ne5 43. Qe4 f5 44. Qd5 f4 45.
gxf4 Ng4 46. f5 Qxh4 47. Qf7+ Kh8 48. Qf8+ Kh7 49. fxg6+ Kxg6 50. Qf4 Qd8 51.
Nc5 Nf6 52. Qg5+ Kf7 53. Qg7+ Ke8 54. Qh8+ Ke7 55. Qxd8+ Kxd8 56. b5 1-0

[Event "Bundesliga 0304"]
[Site "Germany"]
[Date "2004.03.06"]
[Round "10.7"]
[White "Joachim, Sven"]
[Black "Hertneck, Gerald"]
[Result "0-1"]
[WhiteElo "2434"]
[BlackElo "2524"]
[Annotator "Oratovsky,M"]
[PlyCount "72"]
[EventDate "2003.11.01"]
[EventType "team-tourn"]
[EventRounds "15"]
[EventCountry "GER"]
[SourceTitle "CBM 100"]
[Source "ChessBase"]
[SourceDate "2004.06.01"]
[SourceVersion "1"]
[SourceVersionDate "2004.06.01"]
[SourceQuality "1"]
[WhiteTeam "Werder Bremen"]
[BlackTeam "Tegernsee"]
[WhiteTeamCountry "GER"]
[BlackTeamCountry "GER"]

1. e4 {[%mdl 17408]} c5 2. Nf3 Nc6 3. Bb5 g6 4. Bxc6 dxc6 5. d3 Bg7 6. h3 e5 7.
Be3 b6 8. Qd2 ({Another way to develope an initiative on the queenside is} 8.
a4 a5 9. Nbd2 (9. Na3 f6 10. Qd2 Be6 11. O-O Ne7 12. b3 g5 13. Nc4 Ng6 14. c3
h5 15. d4 g4 $36 {1-0 Yudasin,L-Gershov,Y/New York 2003/EXT 2004 (50). (49)})
9... f6 10. Nc4 Nh6 11. O-O (11. b4 axb4 12. a5 bxa5 13. Bxc5 $16) 11... Nf7
12. b4 $1 {a typical for this pawn structure breakthrough.} axb4 13. a5 bxa5
14. Bxc5 Be6 15. Nfd2 Bf8 16. Bb6 Qb8 17. Qf3 Be7 18. Qe3 (18. Bxa5 O-O 19. Qe3
$14) 18... O-O (18... a4 $1 19. Bc5 Qb5 $15) 19. Nxa5 Rc8 20. Bc5 $14 {1-0
Slaby,J-Volodin,V/Marianske Lazne 2003/CBM 92 ext (39). (39)}) (8. Nbd2 Ne7 9.
a4 a5 10. Nc4 f6 11. b4 $1 {once again!} axb4 12. a5 bxa5 13. Bxc5 O-O 14. Bxb4
$16 {1-0 Iordachescu,V-Lisenko,A/Bucharest 1993/CBM 35 ext (39). (38)}) 8... h6
9. Nc3 $2 {Critical opening position. White could get a very pleasant play
with the typical} (9. Qc3 $1 {[%csl Rc6][%cal Gb2b4]} Qc7 (9... f6 10. b4 cxb4
11. Qxc6+ Bd7 12. Qc4) 10. Nbd2 Be6 11. a3 a5 12. O-O Nf6 13. b4 cxb4 14. axb4
O-O (14... a4 15. d4 exd4 16. Bxd4 $16 {[%cal Gd4g7]}) 15. bxa5 bxa5 16. Rfb1
Ra6 17. Nb3 Bxb3 18. Rxb3 Nd7 19. Nd2 $16 {[%csl Ra5][%cal Gd2c4] 0-1
Perunovic,M-Pap,M/Dimitrovgrad 2003/CBM 93 ext (34). (34)}) 9... Ne7 10. Nh2 (
10. O-O-O Be6 11. Ng1 Qd7 12. Nge2 f5 13. f4 exf4 14. Nxf4 Bf7 15. d4 c4 $6 (
15... cxd4 16. Bxd4 Bxd4 17. Qxd4 Qxd4 18. Rxd4 g5 19. Nd3) (15... g5 $5 16.
Nfe2 fxe4 17. dxc5 Qxd2+ 18. Bxd2 Bd5 $132) 16. d5 fxe4 17. Bd4 O-O 18. Bxg7
Kxg7 19. Qd4+ Kh7 20. Nxe4 Ng8 21. h4 {[%cal Re4g5] 1-0 Sax,G-Wahedi,A/
Deizisau 2002/CBM 87 ext (21).}) 10... Be6 11. Ne2 $6 {Another doubious move
with this knight. Now black manages to overtake the initiative.} f5 12. exf5
gxf5 (12... Nxf5 $143) 13. f4 e4 $17 {[%csl Ge6,Gg7,Rh2]} 14. dxe4 Qxd2+ 15.
Bxd2 Bxb2 16. Rb1 Bg7 17. Bc3 O-O {White should sacrifice one of the hanging
pawns because opening the position by 18.exf5 is unacceptable now.} 18. g4 (18.
Bxg7 Kxg7 19. e5 Bxa2 $17) 18... fxe4 19. f5 Bxa2 20. Ra1 Bc4 $19 21. Bxg7 Kxg7
22. Nf4 Kf6 {First goes the king in the centre, then black can advance his
passers on the kingside.} 23. Nf1 Nd5 24. Nh5+ Ke5 25. Nd2 Kd4 26. Nxc4 Kxc4
27. O-O (27. Ng7 a5 28. Ne6 Rf6 29. Ra4+ Nb4 $19 {[%cal Gb6b5,Ga5a4]}) 27... a5
28. Rae1 Rae8 29. Ng7 Re5 30. Ne6 Rf6 31. Kg2 b5 32. Kg3 a4 33. h4 b4 34. g5
hxg5 35. hxg5 Rfxe6 36. fxe6 Rxg5+ {[%csl Re6][%cal Gg5e5]} 0-1

[Event "Bundesliga 0304"]
[Site "Germany"]
[Date "2004.03.07"]
[Round "10.5"]
[White "Lau, Ralf"]
[Black "Dinstuhl, Volkmar"]
[Result "1-0"]
[WhiteElo "2503"]
[BlackElo "2439"]
[Annotator "Oratovsky,M"]
[PlyCount "91"]
[EventDate "2003.11.01"]
[EventType "team-tourn"]
[EventRounds "15"]
[EventCountry "GER"]
[SourceTitle "CBM 100"]
[Source "ChessBase"]
[SourceDate "2004.06.01"]
[SourceVersion "1"]
[SourceVersionDate "2004.06.01"]
[SourceQuality "1"]
[WhiteTeam "Kreuzberg"]
[BlackTeam "Wattenscheid"]
[WhiteTeamCountry "GER"]
[BlackTeamCountry "GER"]

1. e4 {[%mdl 48]} c5 2. Nc3 Nc6 3. Bb5 Nd4 4. Bc4 g6 $6 {Probably this move is
not bad at all, but in my opinion black gets a comfortable play after 4...e6
then 6...Nf6 followed by 7...a6 and 8...d5} 5. Nf3 Bg7 6. O-O $5 {This move
order is more tricky than} (6. Nxd4 cxd4 7. Qf3 Nh6 (7... e6 $143 8. Nb5 d6 9.
Qa3 Ke7 10. c3 dxc3 11. O-O $1 (11. dxc3 $16) 11... a6 (11... c2 $5 $14 {
[%csl Gc2]}) 12. Nxc3 Qc7 13. d3 Bd7 14. Bf4 Qc5 15. b4 Qh5 16. d4 $16 {
1-0 Jones,G-Camerini,L/Montecatini Terme 2003/EXT 2004 (20). (19)}) 8. Ne2 O-O
9. c3 (9. O-O Ng4 $5 10. Bb3 Ne5 11. Qg3 a5 12. a4 d3 $5 13. cxd3 Nc6 14. Qe3
e6 15. d4 d5 16. e5 Qb6 $44 {[%cal Gf7f6] 1-0 Mamikonian,T-Gerzhoy,L/
Chalkidiki 2003/EXT 2004 (47). (46)}) 9... dxc3 (9... b5 10. Bd5 Rb8 11. cxd4
e6 12. Qg3 Rb6 13. Bb3 a5 14. d3 a4 15. Bd1 f5 16. Bd2 Ra6 17. O-O $16 {
1-0 Tiviakov,S-Reefat,B/Dhaka 2003/CBM 95 (63). (62)}) (9... e6 10. O-O f5 11.
Nxd4 fxe4 (11... Bxd4 12. cxd4 fxe4 13. Qc3 $14 {[%cal Gd2d3]}) 12. Qxe4 Kh8 (
12... d5 13. Nxe6 $18) 13. Bb3 d5 14. Qe2 e5 15. Nc2 a5 16. Ne1 a4 17. Bc2 Nf5
18. d3 $14 {1-0 Tiviakov,S-Cheparinov,I/Seville 2003/CBM 92 ext (64). (63)})
10. dxc3 Ng4 11. Bxf7+ Rxf7 12. Qxg4 d5 13. Qh4 Bf6 14. Qh6 (14. Qg3 $5 dxe4
15. O-O Qd3 16. Re1 $14) 14... dxe4 15. O-O Qd3 16. Ng3 Bf5 17. Bg5 Rd8 $14 {
1/2-1/2 Degraeve,J-Gagunashvili,M/Plovdiv 2003/CBM 98 no vc (28). (27)}) 6...
d6 (6... a6 $5 7. Nxd4 cxd4 8. Qf3 Nf6 9. e5 (9. Ne2 d5 10. exd5 Bg4 11. Qd3
Bf5 12. Qxd4 Bxc2 $132 {[%cal Gb7b5]}) 9... dxc3 10. exf6 Bxf6 11. dxc3 O-O 12.
Re1 d6 13. Bh6 Re8 14. Bb3 Rb8 15. Rad1 Bd7 16. Qe3 (16. Qd5 $5 Be6 17. Rxe6
fxe6 18. Qxe6+ Kh8 19. Rd3 Qc8 20. Rxd6 Qxe6 21. Rxe6 Red8 22. g4 $14) 16...
Qa5 17. Rd5 Qc7 18. Bg5 Bc6 19. Rd3 Bb5 20. Rdd1 Bxg5 21. Qxg5 Rbd8 $11 {
1/2-1/2 Hamdouchi,H-Miladinovic,I/Nice 2002/CBM 91 ext (25). (24)}) (6... e6 $6
{and here black gets into the trouble} 7. Nxd4 cxd4 8. Nb5 $1 d6 9. c3 Nf6 10.
cxd4 a6 (10... Nxe4 11. d3 Nf6 12. Bf4 $16) 11. e5 axb5 12. exf6 Bxf6 13. Bxb5+
Kf8 14. d5 exd5 15. d4 Qb6 16. Bh6+ Kg8 17. Qf3 Bxd4 18. Rae1 Be5 (18... Be6
19. Rxe6 Qxb5 20. Re7 $18) 19. Qf6 {1-0 Hamdouchi,H-Simutowe,A/Cairo 2001/CBM
84 ext (19).}) 7. Nxd4 cxd4 8. Ne2 Nf6 9. d3 (9. Nxd4 Nxe4 $11) 9... d5 10.
exd5 (10. Bb5+ Bd7 11. Bxd7+ Nxd7 12. exd5 Nb6 13. Nf4 Rc8 14. Re1 Nxd5 $15)
10... Nxd5 {White should play carefuly now, if black manages to finish his
development, his position could be better because of the better pawn structure.
} 11. Re1 O-O 12. Bg5 (12. Ng3 Be6 13. Ne4 Nc7 $11) 12... h6 13. Bh4 Be6 (13...
Nb6 14. Bb3 Re8 15. a4 $36 {[%csl Rb6]}) 14. Qd2 Qd7 15. Bg3 Rac8 16. Bb3 Kh7
17. Kh1 $6 {[%cal Ge2g1,Gg1f3,Gf3e5]} Nc7 18. Ng1 Bxb3 $6 (18... Bd5 $142 $1
19. Bxd5 (19. Re2 Qc6 20. Bxd5 Nxd5 $15) 19... Nxd5 20. Nf3 Qb5 $15) 19. axb3
Nb5 20. Nf3 f6 21. Qd1 $14 {[%cal Gf3d2,Gd2c4]} e5 22. Nd2 Rfe8 23. Nc4 Re6 24.
f4 exf4 25. Rxe6 Qxe6 26. Bxf4 g5 $6 (26... Re8) 27. Bg3 f5 28. Qf3 {[%cal
Ga1e1]} f4 $6 {Black doesn't need this pawn sac. Better was the solid} (28...
Qd7 29. Re1 (29. Be5 Re8 30. Bxg7 Kxg7 31. Rf1 f4 $13 {[%cal Gd7c6]}) 29... f4
30. Bf2 $14) 29. Qxb7 fxg3 30. Qxb5 $16 Rf8 31. Qb7 Rf2 32. hxg3 Rxc2 33. Rxa7
Qg6 34. g4 $18 {[%cal Gb3b8]} Qf6 35. Qe4+ Kg8 36. Qd5+ Kh8 37. Ra8+ Kh7 38.
Qg8+ Kg6 {[%tqu "En","","","","c4e5","",10]} 39. Ne5+ $1 {The rest of the game
is a matter of technique.} (39. Rf8 $1 Qxf8 (39... Qe7 40. Re8 $18) 40. Ne5+
Kf6 41. Nd7+ Ke7 42. Nxf8 Bxf8 43. Qh8 $18) 39... Qxe5 40. Ra6+ Qf6 41. Qe8+
Kh7 42. Qe4+ Kh8 43. Rxf6 Bxf6 44. b4 Rxb2 45. b5 Kg7 46. Qe6 1-0

[Event "Noyabrsk Fakel Jamala"]
[Site "Noyabrsk"]
[Date "2003.11.26"]
[Round "9"]
[White "Baklan, Vladimir"]
[Black "Kuznetsov, Viktor2"]
[Result "1-0"]
[WhiteElo "2600"]
[BlackElo "2367"]
[Annotator "Oratovsky,M"]
[PlyCount "49"]
[EventDate "2003.11.18"]
[EventType "tourn"]
[EventRounds "11"]
[EventCountry "RUS"]
[EventCategory "10"]
[SourceTitle "CBM 099"]
[Source "ChessBase"]
[SourceDate "2004.03.30"]
[SourceVersion "1"]
[SourceVersionDate "2004.03.30"]
[SourceQuality "1"]

1. e4 c5 2. Nf3 Nc6 3. Bb5 g6 4. O-O Bg7 5. c3 Nf6 6. Re1 O-O 7. h3 d5 $6 (7...
Qc7 8. Na3 $5 (8. d4 cxd4 9. cxd4 d5 10. e5 Ne4 {and Qc7 move is useful for
black}) 8... d5 9. e5 Nd7 10. d4 a6 11. Bf1 cxd4 12. cxd4 b5 13. Bf4 e6 14. Nc2
$14 {[%cal Gd1d2,Ga1c1] 1-0 Palac,M-Yacob,F/Cap d'Agde 2003/EXT 2004 (43). (42)
}) (7... Qb6 8. Na3 d5 9. e5 Ne8 10. d4 cxd4 11. cxd4 Nc7 12. Bxc6 Qxc6 13. Qb3
Ne6 14. Be3 f6 15. Rac1 Qd7 16. Nc2 b6 17. Nb4 Bb7 18. Nd3 g5 $132 {[%cal
Gh7h6,Gf6f5] and black was OK in Ponomariov,R-Van Wely,L/Plovdiv 2003/CBM 98
1-0}) (7... Ne8 8. d4 cxd4 9. cxd4 Qb6 10. Bxc6 bxc6 11. Nc3 Nc7 12. b3 d6 13.
Be3 Qb4 14. Rc1 $14 {1/2-1/2 Nunn,J-Ellers,H/Germany 2003/CBM 93 (28). (27)}) (
{another intresting try is} 7... d6 $5 8. d4 Qb6 9. Ba4 cxd4 10. cxd4 Nd7 {
[%cal Gg7b2]} 11. Bxc6 ({not dangerous for black is} 11. Nc3 Nxd4 12. Nxd4 Qxd4
(12... Bxd4 13. Nd5 Bxf2+ 14. Kf1 Qd4 15. Nxe7+ Kg7 16. Nxc8 Nc5 17. Nxd6 Nxa4
$13) 13. Nd5 Nb6 14. Nxe7+ Kh8 15. Qxd4 Bxd4 16. Bb3 Be6 {with sufficient
counterplay}) 11... bxc6 12. Nc3 e5 13. Na4 Qa6 14. Be3 Nb6 15. Nxb6 axb6 16.
dxe5 dxe5 17. Qd6 c5 18. b4 cxb4 19. Qxb4 b5 $11 {1/2-1/2 Damljanovic,B-Nikac,
P/Herceg Novi 2002/CBM 86 ext (32). (32)}) 8. e5 Ne8 9. d4 cxd4 10. cxd4 ({
in my opinion more exact is} 10. Bxc6 $5 bxc6 11. cxd4 Nc7 12. Nc3 Ne6 13. Be3
f6 14. exf6 exf6 15. Qd2 {[%cal Gc3a4,Ga1c1,Ga4c5] and white has very
comfortable position} (15. Rc1 f5) 15... Rb8 16. Rac1 f5 17. Ne2 $16) 10... Bd7
{[%cal Gc6e5]} (10... Bf5 11. Bxc6 bxc6 12. Nc3 Nc7 13. b3 Nb5 14. Na4 Be4 15.
Ng5 h6 16. Nxe4 dxe4 17. Bb2 Qd5 18. Rc1 f5 19. exf6 exf6 20. Rc5 Qd7 21. d5
$16 {1-0 Hatzidakis,M-Halkias,S/Kallithea Chalkidiki 2003/CBM 95 ext (36). (35)
}) 11. Nc3 Nc7 12. Bf1 Rb8 {was not neccesary. Black could advance b5 without
this move.} (12... b5 13. Be3 (13. Nxb5 {promises nothing to white} Nxb5 14.
Bxb5 Nxe5 15. dxe5 Bxb5 16. Nd4 Bd7 17. Bf4 Qb6 18. Qd2 Rfc8 $132) 13... b4 14.
Na4 Ne6 15. Rc1 Qa5 16. b3 Rfc8 17. Qd2 Ncd8 18. a3 $14) 13. Be3 b5 14. Rc1 $14
{White has an obvious space advantage. The next moves of black are hard to
understand. Probably in this position black should try to create counterplay
in the centre by f6 otherwise after Qd2 and Bh6 white's initiative will be
very dangerous.} Na5 15. b3 {[%csl Ra5]} b4 16. Ne2 Ne6 (16... Nb5 17. Qd2 {
[%csl Rb4]} Nc6 18. Rc5) 17. Nf4 {[%csl Ge6] correct decision. Black's knight
e6 is a key piece in this position.} Nxf4 18. Bxf4 {[%csl Ra5][%cal Ge5e6]} Rb6
$2 {[%mdl 8192] misses a simple blow. Better was} (18... Rc8 19. Qd2 Qb6 20.
Be3 $5 {[%cal Gc1c5]} (20. Bh6 $5) 20... Nb7 21. Qd3 $16 {[%cal Gd3a6]}) 19. e6
$1 $16 {[%csl Ra5,Rb6,Rd8][%cal Gf4c7]} Bc6 $8 20. Ng5 f6 21. Nf7 Qc8 22. Qf3
$18 {[%cal Gf3g3,Yf4c7,Rf1d3,Rd3g6] Black's kingside becomes undefendeble now.}
f5 {[%csl Re5,Rg5,Rh6]} 23. Qe3 Bf6 24. Bd3 Nb7 25. Bxf5 1-0